000
00253cam a2200109ua 4500
082
_a
821
_b
MIL/PO
100
_a
Milton, John.
_9
1846
245
_a
Poetical Works /
260
_a
London :
_b
Oxford University Press ,
_c
1963.
300
_a
628 ; .
942
_c
BK
999
_c
494
_d
494